|
|
|
|
| LEADER |
00000nam a22000007a 4500 |
| 005 |
20170902230353.0 |
| 007 |
cr|||| |||| |
| 008 |
170902s2016 es |||||s|||| 00||0 spa d |
| 020 |
|
|
|a 978-84-16608-53-9
|
| 035 |
|
|
|a 20496
|
| 040 |
|
|
|a vLex
|
| 090 |
|
|
|c 6899
|d 6899
|
| 100 |
1 |
|
|a Treviǫ Pascual, Mariano
|
| 245 |
1 |
0 |
|a Estabilidad en el empleo y despido colectivo en el sector pb︢lico
|h [Recurso electrn̤ico] :
|b su control jurisdiccional /
|c Mariano Treviǫ Pascual
|
| 256 |
|
|
|a Servicio en ln̕ea
|
| 260 |
|
|
|a Albacete:
|b Editorial Bomarzo,
|c 2016
|
| 300 |
|
|
|a 1 recurso electrn̤ico
|
| 506 |
1 |
|
|a Disponible solo en los productos indicados
|d vLex Global
|d vLex Global (Academic Edition, excluding Law Schools)
|d vLex Global (U.S. Academic Edition, Law Schools)
|d vLex Global (U.S. Academic Edition, excluding Law Schools)
|d vLex Global (Academic Edition, Law Schools)
|
| 650 |
0 |
4 |
|a Derecho Laboral y Seguridad Social
|z Espaą
|
| 740 |
0 |
|
|a vLex Libros (Servicio en ln̕ea)
|
| 856 |
4 |
0 |
|u http://vlex.com/source/estabilidad-en-el-empleo-y-despido-colectivo-en-el-sector-publico-su-control-jurisdiccional-20496
|z Acceso restringido
|
| 942 |
|
|
|c BOOK
|
| 999 |
0 |
|
|a Labor law and social security
|